| 000 | 00434nam a2200109Ia 4500 | ||
|---|---|---|---|
| 008 | 160909s9999 xx 000 0 und d | ||
| 100 | _aPrzybylski, Robert Michael | ||
| 245 | _aI have the information, now what? A study discovering the factors that make up data literacy/competence | ||
| 260 |
_bThe University of Alabama. _c2016 |
||
| 650 | _aInformation Technology | ||
| 856 | _uhttp://pqdtopen.proquest.com/doc/1798833012.html?FMT=ABS | ||
| 999 |
_c303812 _d303812 |
||